People and Motion: Tips and Techniques for Drawing On Location (Record no. 359139)
[ view plain ]
| 000 -LEADER | |
|---|---|
| fixed length control field | 00405 a2200145 4500 |
| 005 - DATE AND TIME OF LATEST TRANSACTION | |
| control field | 20240722133012.0 |
| 008 - FIXED-LENGTH DATA ELEMENTS--GENERAL INFORMATION | |
| fixed length control field | 240722b |||||||| |||| 00| 0 eng d |
| 020 ## - INTERNATIONAL STANDARD BOOK NUMBER | |
| International Standard Book Number | 9781592539628 |
| 082 ## - DEWEY DECIMAL CLASSIFICATION NUMBER | |
| Classification number | 711.5/CAM |
| 100 ## - MAIN ENTRY--PERSONAL NAME | |
| Author | Campanario G |
| 245 ## - TITLE STATEMENT | |
| Title | People and Motion: Tips and Techniques for Drawing On Location |
| 260 ## - PUBLICATION, DISTRIBUTION, ETC. | |
| Name of publisher, distributor, etc. | Quarry Books |
| Date of publication, distribution, etc. | 2014 |
| Place of publication, distribution, etc. | Massachusetts |
| 300 ## - PHYSICAL DESCRIPTION | |
| Extent | 110p |
| Other physical details | HB |
| 942 ## - ADDED ENTRY ELEMENTS (KOHA) | |
| Koha item type | Books |
| Withdrawn status | Lost status | Source of classification or shelving scheme | Damaged status | Not for loan | Collection code | Home library | Current library | Date acquired | Vendor | Net Price | Bill number | Full call number | Barcode | Date last seen | Actual Price | Bill Date | Koha item type |
|---|---|---|---|---|---|---|---|---|---|---|---|---|---|---|---|---|---|
| Dewey Decimal Classification | Book of B Arch | Dr. Bhanuben Nanavati College of Architecture | Dr. Bhanuben Nanavati College of Architecture | 19/07/2024 | 169 | 982.63 | WORD/2024/CRB/521 | 711.5/CAM | BNCA-BK-12708 | 22/07/2024 | 1559.73 | 11/07/2024 | Books |